[Event "GRE-chT 28th"]
[Site "Kavala"]
[Date "1999.??.??"]
[Round "?"]
[White "Kalagasidis, Haralambos"]
[Black "Pandavos, Emanouel"]
[Result "1/2-1/2"]
[WhiteElo "2177"]
[BlackElo "2296"]
[PlyCount "26"]
[EventDate "1999.??.??"]
[EventType "team"]
[EventRounds "8"]
[EventCountry "GRE"]
[SourceTitle "EXT 2002"]
[Source "ChessBase"]
[SourceDate "2001.11.25"]
[SourceVersion "1"]
[SourceVersionDate "2001.11.25"]
[SourceQuality "1"]

1. e4 e5 2. Nf3 Nc6 3. Bb5 Nd4 4. Nxd4 exd4 5. 0-0 c6 6. Bc4 d5 7. exd5 cxd5 8. Bb3 Nf6 9. d3 a5 10. c3 Bc5 11. Bg5 Be6 12. Ba4+ Kf8 13. Nd2 h6 1/2-1/2

[Event "GRE-chT"]
[Site "Poros"]
[Date "1998.04.22"]
[Round "4"]
[White "Nikolaidis, Konstantinos"]
[Black "Pandavos, Emanouel"]
[Result "1-0"]
[WhiteElo "2350"]
[BlackElo "2315"]
[PlyCount "55"]
[EventDate "1998.??.??"]
[EventType "team"]
[EventRounds "9"]
[EventCountry "GRE"]
[SourceTitle "EXT 1999"]
[Source "ChessBase"]
[SourceDate "1998.11.16"]
[SourceVersion "1"]
[SourceVersionDate "1998.11.16"]
[SourceQuality "1"]

1. d4 Nf6 2. c4 e6 3. Nc3 Bb4 4. Qc2 0-0 5. a3 Bxc3+ 6. Qxc3 b6 7. Bg5 Bb7 8. e3 d6 9. f3 Nbd7 10. Bd3 a5 11. Ne2 e5 12. 0-0 Qe8 13. Bf5 h6 14. Bh4 g6 15. Bc2 Nh5 16. Ba4 exd4 17. Qxd4 Qe6 18. Nf4 Nxf4 19. exf4 Qf5 20. Rad1 Nc5 21. g4 Qc8 22. Bc2 Ne6 23. Qd2 Ng7 24. f5 g5 25. f6 Bxf3 26. Rxf3 Qxg4+ 27. Rg3 Qxh4 28. Qd3 1-0

[Event "GRE-chT"]
[Site "Poros"]
[Date "1998.04.21"]
[Round "2"]
[White "Skalkotas, Nikolaos"]
[Black "Pandavos, Emanouel"]
[Result "1-0"]
[WhiteElo "2285"]
[BlackElo "2315"]
[PlyCount "71"]
[EventDate "1998.??.??"]
[EventType "team"]
[EventRounds "9"]
[EventCountry "GRE"]
[SourceTitle "EXT 1999"]
[Source "ChessBase"]
[SourceDate "1998.11.16"]
[SourceVersion "1"]
[SourceVersionDate "1998.11.16"]
[SourceQuality "1"]

1. Nf3 d5 2. c4 e6 3. g3 Nf6 4. Bg2 Be7 5. 0-0 0-0 6. d4 dxc4 7. Qc2 a6 8. Qxc4 b5 9. Qc2 Bb7 10. Bf4 Nc6 11. Rd1 Nb4 12. Qc1 Nbd5 13. Nbd2 Bd6 14. Bg5 h6 15. Bxf6 Nxf6 16. Nb3 Bd5 17. Ne5 Qe7 18. Na5 Bxg2 19. Kxg2 Bxe5 20. Nc6 Qe8 21. dxe5 Nd5 22. Qc5 f6 23. Rxd5 exd5 24. Qxd5+ Kh7 25. e6 a5 26. e7 Rf7 27. Rd1 Ra6 28. Qd7 Ra8 29. e4 Qxd7 30. Rxd7 Re8 31. f4 g5 32. f5 g4 33. Kf2 h5 34. Ke3 Rg7 35. Kd4 h4 36. Kd5 1-0

[Event "GRE-chT"]
[Site "Athens"]
[Date "1997.??.??"]
[Round "1"]
[White "Mastrokoukos, Georgios"]
[Black "Pandavos, Emanouel"]
[Result "1-0"]
[WhiteElo "2390"]
[BlackElo "2330"]
[PlyCount "69"]
[EventDate "1997.??.??"]
[EventType "team-swiss"]
[EventRounds "9"]
[EventCountry "GRE"]
[SourceTitle "EXT 2002"]
[Source "ChessBase"]
[SourceDate "2001.11.25"]
[SourceVersion "1"]
[SourceVersionDate "2001.11.25"]
[SourceQuality "1"]

1. d4 Nf6 2. Nf3 e6 3. e3 Be7 4. Bd3 d5 5. Nbd2 c5 6. c3 Nc6 7. 0-0 0-0 8. Qe2 Qc7 9. dxc5 Bxc5 10. e4 Bd6 11. Re1 Ng4 12. h3 Nge5 13. Nxe5 Nxe5 14. exd5 exd5 15. Nf3 Nxf3+ 16. Qxf3 Be6 17. Bg5 Rfe8 18. Bc2 Be7 19. Bf4 Qb6 20. Bb3 Bf6 21. Be3 Qb5 22. Qd1 Red8 23. a4 Qa5 24. Bd4 Bxd4 25. Qxd4 Rac8 26. Re3 Qc5 27. Rd1 g6 28. Red3 Qxd4 29. Rxd4 Rc5 30. c4 Rd6 31. cxd5 Bd7 32. R1d2 Rb6 33. Bd1 Rc1 34. Kh2 Ra1 35. Rc4 1-0

[Event "GRE-chT"]
[Site "Athens"]
[Date "1997.??.??"]
[Round "6"]
[White "Pandavos, Emanouel"]
[Black "Haritakis, Theodoros"]
[Result "1/2-1/2"]
[WhiteElo "2330"]
[BlackElo "2330"]
[PlyCount "98"]
[EventDate "1997.??.??"]
[EventType "team-swiss"]
[EventRounds "9"]
[EventCountry "GRE"]
[SourceTitle "EXT 2002"]
[Source "ChessBase"]
[SourceDate "2001.11.25"]
[SourceVersion "1"]
[SourceVersionDate "2001.11.25"]
[SourceQuality "1"]

1. e4 e6 2. Nf3 d5 3. exd5 exd5 4. d4 Nc6 5. Bb5 Bd6 6. 0-0 Nge7 7. Bg5 f6 8. Bh4 0-0 9. Bg3 Bxg3 10. hxg3 Bf5 11. c3 Qd7 12. Nbd2 Rae8 13. Re1 a6 14. Bf1 Nd8 15. Qb3 c6 16. Re3 Nc8 17. Rae1 Nd6 18. Nh4 Rxe3 19. Rxe3 Re8 20. Rxe8+ Qxe8 21. Qd1 Bc8 22. Bd3 g6 23. Nhf3 Kg7 24. Kf1 Bg4 25. Qe1 Bxf3 26. Nxf3 Qxe1+ 27. Kxe1 Kf7 28. Kd2 a5 29. b3 Ke6 30. Ke3 b6 31. g4 N8f7 32. Ng1 Nh6 33. f3 f5 34. Nh3 fxg4 35. Ng5+ Kf6 36. Nxh7+ Kg7 37. Ng5 gxf3 38. Nxf3 Ng4+ 39. Kf4 Nf2 40. Bc2 Nfe4 41. c4 Nc3 42. Ne5 c5 43. dxc5 bxc5 44. Nd7 dxc4 45. Nxc5 Nxa2 46. bxc4 Nc1 47. Nb3 Nxb3 48. Bxb3 a4 49. Bxa4 Nxc4 1/2-1/2

[Event "GRE-chT"]
[Site "Athens"]
[Date "1996.??.??"]
[Round "1"]
[White "Lirindzakis, Timotheos"]
[Black "Pandavos, Emanouel"]
[Result "0-1"]
[WhiteElo "2365"]
[BlackElo "2330"]
[PlyCount "101"]
[EventDate "1996.??.??"]
[EventType "team"]
[EventRounds "9"]
[EventCountry "GRE"]
[SourceTitle "CBM 055 Extra"]
[Source "ChessBase"]
[SourceDate "1997.01.01"]
[SourceVersion "1"]
[SourceVersionDate "1997.01.01"]
[SourceQuality "1"]

1. d4 Nf6 2. c4 e6 3. Nf3 Bb4+ 4. Nbd2 b6 5. a3 Bxd2+ 6. Bxd2 Bb7 7. Bg5 d6 8. e3 h6 9. Bh4 Nbd7 10. Be2 0-0 11. 0-0 Qe7 12. Nd2 e5 13. Rc1 Rfe8 14. d5 a5 15. b3 g5 16. Bg3 Kg7 17. Qc2 Bc8 18. e4 h5 19. f3 h4 20. Bf2 Nh5 21. Rfe1 Nf4 22. Bf1 Nf6 23. b4 axb4 24. axb4 Bd7 25. Ra1 Rh8 26. Ra2 Rxa2 27. Qxa2 g4 28. Be3 N6h5 29. fxg4 Bxg4 30. c5 bxc5 31. bxc5 Qg5 32. Nc4 Qg6 33. Bc1 Bf3 34. Bxf4 Nxf4 35. cxd6 cxd6 36. Nxd6 Qxd6 37. gxf3 Rh5 38. Kh1 Qc5 39. Qd2 Rg5 40. Qe3 Qd6 41. Rc1 Qb4 42. Rd1 Qa4 43. Be2 Nh3 44. Rf1 Qb4 45. f4 Nxf4 46. Bf3 Rg6 47. Rd1 Kf8 48. Qf2 h3 49. Qh4 Kg7 50. Qf2 Rg2 51. Re1 0-1

[Event "GRE-chT"]
[Site "Athens"]
[Date "1996.??.??"]
[Round "9"]
[White "Papastavropoulos, Andreas"]
[Black "Pandavos, Emanouel"]
[Result "0-1"]
[WhiteElo "2245"]
[BlackElo "2330"]
[PlyCount "94"]
[EventDate "1996.??.??"]
[EventType "team"]
[EventRounds "9"]
[EventCountry "GRE"]
[SourceTitle "CBM 055 Extra"]
[Source "ChessBase"]
[SourceDate "1997.01.01"]
[SourceVersion "1"]
[SourceVersionDate "1997.01.01"]
[SourceQuality "1"]

1. e4 e5 2. Nf3 Nc6 3. Bc4 Nf6 4. d4 exd4 5. Ng5 Ne5 6. Bb3 h6 7. f4 hxg5 8. fxe5 Nxe4 9. Bxf7+ Kxf7 10. Qf3+ Nf6 11. Bxg5 Qe7 12. Qe2 d6 13. exf6 gxf6 14. Qxe7+ Bxe7 15. 0-0 b6 16. Nd2 Bb7 17. Bf4 Rag8 18. Bg3 Bf8 19. Rf5 Bh6 20. Nf1 Be4 21. Rf2 Ke6 22. Re1 f5 23. Ree2 c5 24. Bf4 Bxf4 25. Rxf4 Ke5 26. g3 d5 27. Nd2 Rf8 28. Nf3+ Kf6 29. Nh4 Kg5 30. Ref2 Rh6 31. Nf3+ Bxf3 32. h4+ Kg6 33. R2xf3 Rh5 34. Kg2 Re8 35. g4 Rxh4 36. Rxf5 Rxg4+ 37. Kh3 Rg5 38. Rf6+ Kh5 39. Kh2 Re2+ 40. Kh3 Re3 41. Kh2 Rxf3 42. Rxf3 Re5 43. Rf7 Kg4 44. Rxa7 Re2+ 45. Kg1 Rxc2 46. b3 d3 47. Kf1 Rc1+ 0-1

[Event "GRE-chT"]
[Site "Athens"]
[Date "1996.??.??"]
[Round "2"]
[White "Tsarouhas, Konstantinos"]
[Black "Pandavos, Emanouel"]
[Result "1-0"]
[WhiteElo "2215"]
[BlackElo "2330"]
[PlyCount "109"]
[EventDate "1996.??.??"]
[EventType "team"]
[EventRounds "9"]
[EventCountry "GRE"]
[SourceTitle "CBM 055 Extra"]
[Source "ChessBase"]
[SourceDate "1997.01.01"]
[SourceVersion "1"]
[SourceVersionDate "1997.01.01"]
[SourceQuality "1"]

1. c4 e5 2. Nc3 Nc6 3. g3 d6 4. Bg2 Be6 5. d3 Qd7 6. Rb1 a5 7. a3 g6 8. Qa4 Nd8 9. Qxd7+ Kxd7 10. b3 Bg7 11. e4 Ne7 12. Nge2 f5 13. Be3 Rf8 14. Kd2 h6 15. h4 Ndc6 16. Nd5 fxe4 17. dxe4 Nd4 18. Bxd4 exd4 19. Nef4 Be5 20. Nd3 Rae8 21. Rbe1 c6 22. Nxe7 Rxe7 23. f4 Bg7 24. Bh3 Bxh3 25. Rxh3 h5 26. Rh2 Bh6 27. Rhe2 Bg7 28. c5 dxc5 29. Nxc5+ Kd6 30. Rc1 b6 31. e5+ Kd5 32. Ne4 c5 33. Kd3 Rc8 34. Nd6 Rc6 35. a4 Bf8 36. Rf1 Rd7 37. Ne4 Be7 38. f5 gxf5 39. Rxf5 Rh6 40. Nf6+ Kc6 41. Nxd7 Kxd7 42. Ref2 Ke6 43. Ke4 Rh8 44. Rf7 Rg8 45. R2f3 Rg4+ 46. Kd3 Bd8 47. Rf8 Bc7 48. R8f6+ Ke7 49. Rf7+ Kd8 50. R7f5 Ke7 51. Rxh5 Ke6 52. Rg5 Rxg5 53. hxg5 Bxe5 54. g6 b5 55. axb5 1-0

[Event "Peristeri"]
[Site "Peristeri"]
[Date "1993.??.??"]
[Round "9"]
[White "Frendzas, Panayotis"]
[Black "Pandavos, Emanouel"]
[Result "1/2-1/2"]
[WhiteElo "2345"]
[BlackElo "2335"]
[PlyCount "120"]
[EventDate "1993.??.??"]
[EventType "tourn"]
[EventRounds "11"]
[EventCountry "GRE"]
[EventCategory "9"]
[SourceTitle "CBM 039 Extra"]
[Source "ChessBase"]
[SourceDate "1994.05.01"]
[SourceVersion "1"]
[SourceVersionDate "1994.05.01"]
[SourceQuality "1"]

1. d4 Nf6 2. c4 e6 3. Nf3 d5 4. g3 Be7 5. Bg2 0-0 6. 0-0 dxc4 7. Qc2 a6 8. a4 Bd7 9. Qxc4 Bc6 10. Bf4 Nbd7 11. Nc3 Nb6 12. Qd3 Nbd5 13. Bd2 Nxc3 14. bxc3 Be4 15. Qe3 b5 16. Ne5 Bxg2 17. Kxg2 c5 18. Nc6 Qc7 19. Qf3 Rac8 20. axb5 axb5 21. Nxe7+ Qxe7 22. Bg5 h6 23. Bxf6 Qxf6 24. Qxf6 gxf6 25. Rfb1 cxd4 26. cxd4 Rc4 27. e3 Rb8 28. Kf3 b4 29. Rb2 Kg7 30. Ra4 Kg6 31. Ke4 Rb7 32. Kd3 Rc3+ 33. Kd2 Rc4 34. Rc2 Rbc7 35. Rxc4 Rxc4 36. Ra2 Kf5 37. f3 Rc3 38. Rb2 Ra3 39. h4 Kg6 40. Rxb4 f5 41. Rc4 Ra2+ 42. Rc2 Ra1 43. Ke2 Rh1 44. Rc8 Rh2+ 45. Kf1 Rd2 46. Rd8 Kf6 47. Ke1 Rg2 48. Rg8 Ra2 49. g4 Rh2 50. h5 fxg4 51. fxg4 Ra2 52. Kf1 Rd2 53. Ke1 Ra2 54. Kf1 Rd2 55. e4 Ke7 56. g5 Rh2 57. g6 Rxh5 58. Ke2 fxg6 59. Rxg6 Rh3 60. e5 Kd7 1/2-1/2

[Event "GRE-ch"]
[Site "Rhodes"]
[Date "1993.??.??"]
[Round "8"]
[White "Grivas, Efstratios"]
[Black "Pandavos, Emanouel"]
[Result "1-0"]
[WhiteElo "2505"]
[BlackElo "2335"]
[PlyCount "179"]
[EventDate "1993.??.??"]
[EventType "tourn"]
[EventRounds "9"]
[EventCountry "GRE"]
[EventCategory "6"]
[SourceTitle "TD"]
[Source "ChessBase"]
[SourceDate "1994.03.01"]
[SourceVersion "1"]
[SourceVersionDate "1994.03.01"]
[SourceQuality "1"]

1. d4 Nf6 2. c4 e6 3. Nf3 Bb4+ 4. Nbd2 0-0 5. a3 Bxd2+ 6. Qxd2 b6 7. e3 Bb7 8. Be2 d5 9. b3 Nbd7 10. 0-0 Rc8 11. Bb2 Ne4 12. Qc2 f5 13. Nd2 Rf6 14. f3 Nxd2 15. Qxd2 Rh6 16. Rf2 Qe7 17. a4 c5 18. a5 Rc7 19. axb6 axb6 20. dxc5 bxc5 21. Bf1 Qd6 22. f4 Qe7 23. Qa5 Nf6 24. Bxf6 Rxf6 25. Rd2 Rf8 26. Qb6 Rd8 27. Ra7 Rdd7 28. h3 g6 29. Kh2 Kg7 30. Be2 Qd6 31. Qxd6 Rxd6 32. Bf3 Rcd7 33. Kg3 Kf6 34. Rc2 Ke7 35. Ra5 dxc4 36. bxc4 Bxf3 37. Kxf3 Rc7 38. Rb2 Rd8 39. Rbb5 Rdc8 40. Rb6 Kf6 41. Raa6 Re8 42. Rd6 Kf7 43. g4 Rce7 44. Rac6 Ra8 45. Rxc5 Ra2 46. Re5 h5 47. Kg3 Ra1 48. gxh5 gxh5 49. Rd8 Kg7 50. c5 Rc1 51. Kh4 Rh1 52. Rc8 Kh7 53. e4 fxe4 54. Rxe4 Kg6 55. Rg8+ Kf5 56. Rc4 Rc7 57. Rg5+ Kf6 58. c6 Rd1 59. Rxh5 Rd6 60. Rhc5 Rd3 61. Kg4 Rd6 62. h4 Rd1 63. h5 Rf1 64. Rc3 Rf2 65. Rg5 Rg2+ 66. Kf3 Rh2 67. Kg3 Rh1 68. Rg6+ Kf7 69. Rh6 Kg7 70. Rxe6 Rxh5 71. Kg4 Rh1 72. Rd6 Kf7 73. Rcd3 Re7 74. Rd7 Rc1 75. R3d6 Rc5 76. Rxe7+ Kxe7 77. Rh6 Kf7 78. f5 Rc1 79. Kf4 Rc5 80. Kg5 Kg7 81. Rd6 Kf7 82. Re6 Rc4 83. Rd6 Rc5 84. Kf4 Ke7 85. Rh6 Kf7 86. Ke4 Ke7 87. Re6+ Kf7 88. Kd4 Rxf5 89. Re3 Rh5 90. c7 1-0

[Event "GRE-ch"]
[Site "Rhodes"]
[Date "1993.??.??"]
[Round "3"]
[White "Kotronias, Vasilios"]
[Black "Pandavos, Emanouel"]
[Result "1/2-1/2"]
[WhiteElo "2590"]
[BlackElo "2335"]
[PlyCount "121"]
[EventDate "1993.??.??"]
[EventType "tourn"]
[EventRounds "9"]
[EventCountry "GRE"]
[EventCategory "6"]
[SourceTitle "TD"]
[Source "ChessBase"]
[SourceDate "1994.03.01"]
[SourceVersion "1"]
[SourceVersionDate "1994.03.01"]
[SourceQuality "1"]

1. e4 e5 2. Nf3 Nc6 3. Bb5 a6 4. Ba4 Nf6 5. 0-0 Be7 6. Re1 b5 7. Bb3 d6 8. c3 0-0 9. h3 Na5 10. Bc2 c5 11. d4 Bb7 12. Nbd2 cxd4 13. cxd4 exd4 14. Nxd4 Re8 15. Nf1 Rc8 16. Ng3 g6 17. b3 Bf8 18. Bf4 Nc6 19. Nxc6 Bxc6 20. Qd2 Re6 21. Rad1 Qe7 22. f3 d5 23. e5 Nd7 24. Ne2 Qb4 25. Nd4 Qxd2 26. Rxd2 Bc5 27. Re3 Bxd4 28. Rxd4 Bb7 29. Rd2 Rce8 30. Rc3 Nxe5 31. Rc7 R8e7 32. Rxe7 Rxe7 33. Bg5 Re6 34. f4 Nd7 35. f5 Re5 36. Bh4 Kg7 37. Bf2 f6 38. Bd4 Re8 39. fxg6 hxg6 40. Rd3 Rc8 41. Rc3 Kf7 42. Rxc8 Bxc8 43. Kf2 Ne5 44. Ke3 Bd7 45. Bc3 Nc6 46. h4 Be8 47. Bd1 Bd7 48. Bf3 Ke6 49. Bg4+ f5 50. Be2 Kd6 51. Bg7 Nd8 52. g3 Ne6 53. Bd4 Nxd4 54. Kxd4 Be6 55. b4 Bd7 56. Bf3 Be6 57. h5 gxh5 58. Bxh5 Bd7 59. Bf7 Be6 60. Be8 Bc8 61. a3 1/2-1/2

[Event "Peristeri"]
[Site "Peristeri"]
[Date "1993.??.??"]
[Round "7"]
[White "Kotronias, Vasilios"]
[Black "Pandavos, Emanouel"]
[Result "1-0"]
[WhiteElo "2590"]
[BlackElo "2335"]
[PlyCount "103"]
[EventDate "1993.??.??"]
[EventType "tourn"]
[EventRounds "11"]
[EventCountry "GRE"]
[EventCategory "9"]
[SourceTitle "CBM 039 Extra"]
[Source "ChessBase"]
[SourceDate "1994.05.01"]
[SourceVersion "1"]
[SourceVersionDate "1994.05.01"]
[SourceQuality "1"]

1. d4 Nf6 2. c4 e6 3. Nc3 Bb4 4. Qc2 c5 5. a3 Bxc3+ 6. Qxc3 cxd4 7. Qxd4 Nc6 8. Qd1 d5 9. e3 0-0 10. Nf3 e5 11. cxd5 Qxd5 12. Qxd5 Nxd5 13. b4 f6 14. Bb2 Be6 15. Bd3 Nb6 16. Rc1 Rac8 17. Ke2 a6 18. Nd2 Na7 19. Be4 Rf7 20. Rxc8+ Naxc8 21. Rc1 Nd6 22. Bd3 Rf8 23. f4 exf4 24. exf4 Bd5 25. Bd4 Na4 26. g4 Re8+ 27. Kf2 Rc8 28. Rxc8+ Nxc8 29. Bc2 Nab6 30. h4 h6 31. h5 Nd7 32. Bf5 Bc6 33. Nc4 Bb5 34. Na5 b6 35. Nb7 Kf7 36. Be4 Ke7 37. g5 Nd6 38. Nxd6 Kxd6 39. gxh6 gxh6 40. Be3 Bc4 41. Kg3 a5 42. f5 axb4 43. axb4 Be2 44. Kh4 Ke5 45. Bc2 Bc4 46. Bxh6 Nb8 47. Bc1 Nc6 48. h6 Bg8 49. Kg4 Kd6 50. Bb2 Nxb4 51. Ba3 Kc5 52. Bb3 1-0

[Event "Peristeri"]
[Site "Peristeri"]
[Date "1993.??.??"]
[Round "3"]
[White "Pandavos, Emanouel"]
[Black "Ibragimov, Ildar"]
[Result "0-1"]
[WhiteElo "2335"]
[BlackElo "2550"]
[PlyCount "70"]
[EventDate "1993.??.??"]
[EventType "tourn"]
[EventRounds "11"]
[EventCountry "GRE"]
[EventCategory "9"]
[SourceTitle "CBM 039 Extra"]
[Source "ChessBase"]
[SourceDate "1994.05.01"]
[SourceVersion "1"]
[SourceVersionDate "1994.05.01"]
[SourceQuality "1"]

1. e4 g6 2. d4 Bg7 3. Nf3 d6 4. Be2 Nf6 5. Nc3 0-0 6. 0-0 a6 7. a4 b6 8. Bf4 Bb7 9. e5 Nfd7 10. exd6 cxd6 11. Qd2 Nc6 12. Bh6 Nf6 13. Ra3 Rc8 14. Bxg7 Kxg7 15. Ng5 Na5 16. Nd1 h6 17. Nf3 Ne4 18. Qc1 f5 19. Nd2 e5 20. Nxe4 Bxe4 21. Bxa6 Rxc2 22. Qe3 Bxg2 23. dxe5 Bxf1 24. Bxf1 dxe5 25. Qxe5+ Qf6 26. Qf4 Qg5+ 27. Qxg5 hxg5 28. b4 Nc4 29. Ra1 Rd8 30. Ne3 Nxe3 31. fxe3 Rdd2 32. a5 bxa5 33. bxa5 Ra2 34. Rxa2 Rxa2 35. a6 Kf6 0-1

[Event "Peristeri"]
[Site "Peristeri"]
[Date "1993.??.??"]
[Round "8"]
[White "Pandavos, Emanouel"]
[Black "Pandavos, Panayotis"]
[Result "1/2-1/2"]
[WhiteElo "2335"]
[BlackElo "2360"]
[PlyCount "24"]
[EventDate "1993.??.??"]
[EventType "tourn"]
[EventRounds "11"]
[EventCountry "GRE"]
[EventCategory "9"]
[SourceTitle "CBM 039 Extra"]
[Source "ChessBase"]
[SourceDate "1994.05.01"]
[SourceVersion "1"]
[SourceVersionDate "1994.05.01"]
[SourceQuality "1"]

1. e4 c5 2. Nf3 Nc6 3. c3 d5 4. exd5 Qxd5 5. d4 Bg4 6. Be2 cxd4 7. cxd4 e6 8. Nc3 Qa5 9. h3 Bh5 10. d5 exd5 11. Qxd5 Bb4 12. Qxa5 Bxa5 1/2-1/2

[Event "GRE-ch"]
[Site "Rhodes"]
[Date "1993.??.??"]
[Round "5"]
[White "Vragoteris, Antonios"]
[Black "Pandavos, Emanouel"]
[Result "1/2-1/2"]
[WhiteElo "2290"]
[BlackElo "2360"]
[PlyCount "66"]
[EventDate "1993.??.??"]
[EventType "tourn"]
[EventRounds "9"]
[EventCountry "GRE"]
[EventCategory "6"]
[SourceTitle "TD"]
[Source "ChessBase"]
[SourceDate "1994.03.01"]
[SourceVersion "1"]
[SourceVersionDate "1994.03.01"]
[SourceQuality "1"]

1. d4 Nf6 2. c4 e6 3. Nc3 Bb4 4. e3 0-0 5. Bd3 c5 6. Nge2 d5 7. a3 cxd4 8. exd4 Bxc3+ 9. Nxc3 dxc4 10. Bxc4 Nc6 11. Be3 b6 12. 0-0 Bb7 13. Rc1 Rc8 14. Qd3 Qd7 15. Bb5 Qd6 16. h3 Rfd8 17. Rfd1 Qe7 18. Qe2 h6 19. b4 Qd6 20. Bd3 Ne7 21. Bb1 Ned5 22. Nxd5 Qxd5 23. f3 Qb3 24. Qd3 Qxd3 25. Bxd3 Kf8 26. Rxc8 Rxc8 27. Rc1 Nd5 28. Rxc8+ Bxc8 29. Bd2 Nc7 30. Bf4 Nd5 31. Bb8 a6 32. Be4 Ke7 33. Bxd5 exd5 1/2-1/2

[Event "Peristeri"]
[Site "Peristeri"]
[Date "1993.??.??"]
[Round "2"]
[White "Yandemirov, Valeri"]
[Black "Pandavos, Emanouel"]
[Result "1-0"]
[WhiteElo "2490"]
[BlackElo "2335"]
[PlyCount "71"]
[EventDate "1993.??.??"]
[EventType "tourn"]
[EventRounds "11"]
[EventCountry "GRE"]
[EventCategory "9"]
[SourceTitle "CBM 039 Extra"]
[Source "ChessBase"]
[SourceDate "1994.05.01"]
[SourceVersion "1"]
[SourceVersionDate "1994.05.01"]
[SourceQuality "1"]

1. e4 e5 2. Nf3 Nc6 3. Bb5 Nd4 4. Nxd4 exd4 5. Bc4 Nf6 6. 0-0 Nxe4 7. Bxf7+ Kxf7 8. Qh5+ g6 9. Qd5+ Kg7 10. Qxe4 Qf6 11. d3 Bc5 12. Nd2 Rf8 13. Nf3 h6 14. b3 Bb6 15. Bb2 c5 16. Rac1 Ba5 17. Nxd4 Kh7 18. Nc6 d5 19. Bxf6 dxe4 20. Be7 Re8 21. Nxa5 Rxe7 22. Rfe1 Bf5 23. dxe4 Rxe4 24. Nxb7 Rxe1+ 25. Rxe1 Bxc2 26. Nxc5 Kg7 27. f3 a5 28. Re7+ Kf6 29. Re6+ Kf7 30. Ra6 Rxa6 31. Nxa6 Ke6 32. b4 a4 33. a3 Kd5 34. Nc5 Kc4 35. Kf2 Kc3 36. b5 1-0

[Event "Ikaria op"]
[Site "Ikaria"]
[Date "1992.??.??"]
[Round "?"]
[White "Blees, Albert"]
[Black "Pandavos, Emanouel"]
[Result "1-0"]
[WhiteElo "2410"]
[BlackElo "2345"]
[PlyCount "120"]
[EventDate "1992.??.??"]
[EventType "swiss"]
[EventRounds "9"]
[EventCountry "GRE"]
[SourceTitle "EXT 1999"]
[Source "ChessBase"]
[SourceDate "1998.11.16"]
[SourceVersion "1"]
[SourceVersionDate "1998.11.16"]
[SourceQuality "1"]

1. d4 Nf6 2. c4 e6 3. Nf3 Bb4+ 4. Nbd2 0-0 5. a3 Bxd2+ 6. Bxd2 d6 7. Qc2 Nbd7 8. Bg5 b6 9. e4 e5 10. Be2 h6 11. Bh4 Bb7 12. d5 a5 13. b3 Qe8 14. 0-0 g5 15. Bg3 Bc8 16. Nd2 Kg7 17. b4 Qe7 18. Rfc1 Rh8 19. Nf1 h5 20. f3 Nf8 21. c5 bxc5 22. bxc5 h4 23. Bf2 Ng6 24. Ne3 Nf4 25. Bf1 g4 26. cxd6 cxd6 27. Qxc8 Rhxc8 28. Nf5+ Kf8 29. Nxe7 Kxe7 30. Bxh4 gxf3 31. gxf3 Rh8 32. Rc7+ Kd8 33. Bxf6+ Kxc7 34. Rc1+ Kb7 35. Bxh8 Rg8+ 36. Kh1 Rxh8 37. Rc6 Rd8 38. Bc4 a4 39. Ba6+ Kb8 40. Rc4 f5 41. Rb4+ Ka7 42. Rxa4 Kb6 43. Bf1 fxe4 44. fxe4 Rf8 45. Kg1 Rg8+ 46. Kf2 Rf8 47. Ra6+ Kc7 48. Ke1 Rb8 49. Rc6+ Kd7 50. Kd2 Rh8 51. h3 Nxh3 52. Bxh3+ Rxh3 53. a4 Rb3 54. Rc4 Rb2+ 55. Kc3 Rb1 56. a5 Ra1 57. Kb4 Rb1+ 58. Ka4 Ra1+ 59. Kb5 Rb1+ 60. Rb4 Ra1 1-0

[Event "GRE-ch"]
[Site "Komotini"]
[Date "1992.??.??"]
[Round "?"]
[White "Kofidis, Andreas"]
[Black "Pandavos, Emanouel"]
[Result "1/2-1/2"]
[WhiteElo "2350"]
[BlackElo "2345"]
[PlyCount "121"]
[EventDate "1992.??.??"]
[EventType "tourn"]
[EventRounds "9"]
[EventCountry "GRE"]
[EventCategory "6"]
[SourceTitle "EXT 2004"]
[Source "ChessBase"]
[SourceDate "2003.11.25"]
[SourceVersion "1"]
[SourceVersionDate "2003.11.25"]
[SourceQuality "1"]

1. e4 e5 2. Nf3 Nc6 3. Bc4 Nf6 4. d3 Bc5 5. c3 a6 6. Bb3 d6 7. Nbd2 0-0 8. Nf1 d5 9. exd5 Nxd5 10. Ng3 Nf6 11. 0-0 h6 12. Qe2 Re8 13. h3 Be6 14. Bc2 Bd6 15. Re1 Qd7 16. Bd2 Rad8 17. b3 Bf8 18. Rad1 g6 19. Ne4 Nxe4 20. dxe4 Qe7 21. Be3 Rxd1 22. Rxd1 Rd8 23. Re1 Qa3 24. Bb1 Qd6 25. Nh2 Kh7 26. Ng4 Bg7 27. Qf3 Qe7 28. Bc1 Rd7 29. Ne3 Qf6 30. Qe2 Qd8 31. Bc2 Kg8 32. Qf3 Qf6 33. Qe2 Qd8 34. Kh2 Qe7 35. Ng4 Kh7 36. g3 Qc5 37. Qf3 Qe7 38. h4 h5 39. Ne3 Qf6 40. Qe2 Bh6 41. Kg2 Qd8 42. Qf3 Kg7 43. Qe2 Kg8 44. Rh1 Kg7 45. f3 Kh7 46. Kf2 f6 47. Rd1 Rxd1 48. Qxd1 Qxd1 49. Bxd1 Na7 50. a4 Kg7 51. Ba3 Kf7 52. Ke2 c6 53. Kd3 Nc8 54. Nc4 b6 55. Ne3 Ke8 56. b4 b5 57. axb5 axb5 58. Bc1 Nd6 59. Bd2 Bf8 60. f4 Nc4 61. Nxc4 1/2-1/2

[Event "GRE-ch"]
[Site "Komotini"]
[Date "1992.??.??"]
[Round "?"]
[White "Pandavos, Emanouel"]
[Black "Skembris, Spyridon"]
[Result "0-1"]
[WhiteElo "2345"]
[BlackElo "2520"]
[PlyCount "90"]
[EventDate "1992.??.??"]
[EventType "tourn"]
[EventRounds "9"]
[EventCountry "GRE"]
[EventCategory "6"]
[SourceTitle "EXT 2004"]
[Source "ChessBase"]
[SourceDate "2003.11.25"]
[SourceVersion "1"]
[SourceVersionDate "2003.11.25"]
[SourceQuality "1"]

1. e4 c5 2. Nf3 e6 3. c3 d5 4. exd5 Qxd5 5. d4 Nf6 6. Na3 a6 7. Nc2 cxd4 8. Qxd4 Nc6 9. Qxd5 Nxd5 10. Be2 e5 11. 0-0 f6 12. c4 Nc7 13. Rd1 Bc5 14. Be3 Bxe3 15. Nxe3 Ne6 16. Nd5 Rb8 17. Nb6 Nf4 18. Nxc8 Rxc8 19. Bf1 Ke7 20. g3 Ne6 21. Bh3 Rcd8 22. Bxe6 Kxe6 23. Kf1 g5 24. Ng1 h5 25. Ke1 Nd4 26. Rd2 g4 27. Rad1 h4 28. Kf1 hxg3 29. hxg3 Rh1 30. Kg2 Rdh8 31. Rxd4 exd4 32. Rxd4 f5 33. Rd3 R8h7 34. b3 R1h2+ 35. Kf1 Rd7 36. Rxd7 Kxd7 37. Ne2 Rh1+ 38. Kg2 Ra1 39. Nd4 Rxa2 40. Nxf5 Rb2 41. Ne3 Rxb3 42. Nxg4 a5 43. Nf6+ Ke7 44. Ne4 a4 45. Nc5 Rb4 0-1

[Event "GRE-ch"]
[Site "Komotini"]
[Date "1992.??.??"]
[Round "?"]
[White "Vouldis, Angelos"]
[Black "Pandavos, Emanouel"]
[Result "1-0"]
[WhiteElo "2230"]
[BlackElo "2345"]
[PlyCount "77"]
[EventDate "1992.??.??"]
[EventType "tourn"]
[EventRounds "9"]
[EventCountry "GRE"]
[EventCategory "6"]
[SourceTitle "EXT 2004"]
[Source "ChessBase"]
[SourceDate "2003.11.25"]
[SourceVersion "1"]
[SourceVersionDate "2003.11.25"]
[SourceQuality "1"]

1. e4 e6 2. d4 d5 3. Nd2 dxe4 4. Nxe4 Nd7 5. Nf3 Ngf6 6. Nxf6+ Nxf6 7. g3 c5 8. Bg2 Qb6 9. 0-0 cxd4 10. Qxd4 Bc5 11. Qh4 Be7 12. c4 Nd7 13. Qe4 0-0 14. b3 Nc5 15. Qe2 f6 16. Nh4 Re8 17. Be3 a5 18. Rab1 Qc7 19. Qh5 Bd7 20. Rbd1 Red8 21. Bxc5 Bxc5 22. Bxb7 Be8 23. Qf3 Rab8 24. Be4 f5 25. Bc2 Bc6 26. Qe2 Re8 27. Ng2 Qb7 28. Ne1 g5 29. Qe5 Qb6 30. Qf6 Rb7 31. Qxg5+ Rg7 32. Qh5 Rf8 33. Nf3 Ba8 34. Kg2 Qc6 35. Rfe1 Rg4 36. Rd3 Qb6 37. Re2 Be4 38. Rxe4 Rxe4 39. Rd7 1-0